I tre esempi #1 - Statistics

Statistiche generali
  • Questo quiz è stato fatto 80 volte
  • Il punteggio medio è 13 su 20
Statistiche sulle risposte
3 esempi Soluzione % Corretto
Fantasy, animazione, thriller Film
93%
Carbone, adesiva, igienica Carta
91%
Stivale, mocassino, zoccolo Scarpa
90%
Fondotinta, ombretto, mascara Trucco
90%
Boxer, akita, husky Cane
88%
Santuario, cattedrale, duomo Chiesa
88%
Naked, enduro, scooter Motocicletta
88%
Hip-hop, reggae, country Musica
87%
Taoismo, Shinto, Confucianesimo Religione
81%
Sonora, sismica, marina Onda
75%
Baleniera, rompighiaccio, rimorchiatore Nave
70%
A battente, scorrevole, a ghigliottina Finestra
65%
Cilindro, fedora, paglietta Cappello
62%
Bourbon, rye, scotch Whiskey
55%
Cervicale, lombare, toracica Vertebra
54%
Doppietta, a pompa, a leva Fucile
49%
A travata, ad arco, sospeso Ponte
45%
Williams, Conference, Kaiser Pera
30%
Coccinella, scarabeo, lucciola Coleottero
23%
Occlusiva, fricativa, labiale Consonante
23%
Nessun quiz corrispondente trovato
Distribuzione punteggi
Percentuale di utenti per punteggio
Percentile per numero di risposta
I tuoi punteggi nel tempo
Non hai fatto questo quiz